000 00396nam a2200145Ia 4500
005 20250306043805.0
008 240331s9999 xx 000 0 und d
082 _bMAD
_26121
_a920
100 _aMadhurabharathi
245 0 _aRamana Charitam
260 _aChennai
_bKizhakku Pathippagam
_c2005
300 _a200 p.,
500 _aA life sketch of Ramana Maharishi, an Indian Hindu sage
942 _cL
999 _c4694
_d4694